Time series analysis (Record no. 35624)
[ view plain ]
| 000 -LEADER | |
|---|---|
| campo de control de longitud fija | 00779nam a2200229 i 4500 |
| 001 - NÚMERO DE CONTROL | |
| campo de control | 35624 |
| 003 - IDENTIFICADOR DE NÚMERO DE CONTROL | |
| campo de control | ES-MaACL |
| 007 - CAMPO FIJO DE DESCRIPCIÓN FÍSICA--INFORMACIÓN GENERAL | |
| campo de control de longitud fija | t| |
| 008 - DATOS DE LONGITUD FIJA--INFORMACIÓN GENERAL | |
| campo de control de longitud fija | 030213s1976 xxu ||||1| eng d |
| 020 ## - NÚMERO INTERNACIONAL ESTÁNDAR DEL LIBRO | |
| Número Internacional Estándar del Libro | 0-8162-1104-3 |
| 100 1# - ENTRADA PRINCIPAL--NOMBRE DE PERSONA | |
| Nombre de persona | Box, George E. P. |
| 9 (RLIN) | 31159 |
| 245 10 - MENCIÓN DEL TÍTULO | |
| Título | Time series analysis |
| Resto del título | : forecasting and control / |
| Mención de responsabilidad, etc. | George E.P. Box and Gwilym M. Jenkins. |
| 250 ## - MENCION DE EDICION | |
| Mención de edición | Ed. rev. |
| 260 ## - PUBLICACIÓN, DISTRIBUCIÓN, ETC. | |
| Lugar de publicación, distribución, etc. | Oakland (California) : |
| Nombre del editor, distribuidor, etc. | Holden-Day, |
| Fecha de publicación, distribución, etc. | [1976] |
| 300 ## - DESCRIPCIÓN FÍSICA | |
| Extensión | XXI, 575 p. ; |
| Dimensiones | 24 cm. |
| 490 1# - MENCIÓN DE SERIE | |
| Mención de serie | Holden-Day series in time series analysis and digital processing |
| 500 ## - NOTA GENERAL | |
| Nota general | Indice. |
| 700 1# - ENTRADA AGREGADA--NOMBRE PERSONAL | |
| Nombre de persona | Jenkins, Gwilym M. |
| 9 (RLIN) | 66297 |
| 830 0# - PUNTO DE ACCESO ADICIONAL DE SERIE-TÍTULO UNIFORME | |
| Título uniforme | Holden-Day series in time series analysis and digital processing |
| 9 (RLIN) | 229544 |
| 852 ## - LOCALIZACIÓN | |
| Ubicación | ES-MaACL |
| Número de control de estantería | G-15447 |
| Sublocalización o colección | R.115080 |
| Estatus retirado | Estado de pérdida | Estado de daño | No para préstamo | Biblioteca de origen | Biblioteca actual | Ubicación en estantería | Fecha de adquisición | Fuente de adquisición | Total de préstamos | Signatura topográfica completa | Código de barras | Visto por última vez | Precio de reemplazo | Tipo de ítem Koha |
|---|---|---|---|---|---|---|---|---|---|---|---|---|---|---|
| Biblioteca del Ateneo de Madrid | Biblioteca del Ateneo de Madrid | Sala Pecera Planta 3 | 17/01/2008 | G-15447 | 1037304 | 23/02/2023 | 23/02/2023 | Libro impreso |
